000 00529nam a2200205Ia 4500
003 OSt
005 20220926045341.0
006 a|||||r|||| 00| 0
007 ta
008 220923b |||||||| |||| 00| 0 eng d
037 _cGeneral Book
040 _aRTL
_cRTL
_beng
041 _2eng
_aeng
082 _aE.791s N80, M1.20
245 0 _aStatistical Abstract of Latin, Amrica. 1980
260 _c1980
300 _axxx; 623p.
_ccm.
942 _hE.791s N80, M1.20
_cGB
_2CC
999 _c677410
_d677410